| 000 | 00579nam a22001937a 4500 | ||
|---|---|---|---|
| 003 | CEME | ||
| 005 | 20210628202242.0 | ||
| 008 | 210113b xxu||||| |||| 00| 0 eng d | ||
| 020 | _a9781259028519 | ||
| 040 | _c. | ||
| 082 | _a658.4 STE | ||
| 100 |
_aSteiner, John F, Steiner, George A _959017 |
||
| 245 | _aBusiness, goverment, and society, a managerial perspective text and cases | ||
| 250 | _a12TH | ||
| 260 |
_aINDIA _bMCGRAW HILL _c2014 |
||
| 300 | _aXIII, 642P | ||
| 650 |
_aBUSINESS, GOVERMENT, AND SOCIETY.MANAGEMENT ISSUES AND PRACTICES _959018 |
||
| 942 |
_cBK _2ddc |
||
| 999 |
_c569078 _d569078 |
||